[Event "11th Tal Memorial Rapid 2018"]
[Site "Moscow"]
[Date "2018.03.04"]
[Round "7"]
[White "Grischuk, Alexander"]
[Black "Svidler, Peter"]
[Result "1/2-1/2"]
[WhiteElo "2767"]
[BlackElo "2760"]
[Annotator "TA"]
[PlyCount "109"]
[EventDate "2018.??.??"]
[EventType "rapid"]
[EventCountry "RUS"]
[SourceTitle "playchess.com"]
[Source "ChessBase"]
[SourceQuality "1"]

{[%evp 15,109,20,29,28,34,30,27,29,68,0,0,-30,-31,-52,-40,-51,-55,-64,-71,-56,-20,-24,-12,-16,-9,-10,-4,-8,0,-9,-7,-22,-25,-114,-110,-125,-95,-75,-19,-22,-9,-69,-63,-127,-120,-162,-166,-150,-143,-181,-177,-189,-176,-170,-118,-112,-104,-311,-286,-299,-306,-370,-382,-379,-384,-361,-354,-298,-353,-328,-289,-479,-489,-452,-421,-372,-307,-273,-269,-239,-171,-209,0,0,0,0,0,0,0,0,0,0,0,0,0,0]} 1. d4 Nf6 2. c4 g6 3. g3 Bg7 4. Bg2 O-O 5. Nc3 Nc6 6. Nf3 {[%cal Bg1f3,Bf3g5,Bg5e4][%mdl 32]} d5 7. cxd5 Nxd5 8. O-O Bf5 {LiveBook: 50 Games. D74: Fianchetto Grünfeld: Main Line (5 Nf3 0-0 6 cxd5 Nxd5 7 0-0)} (8... e5 9. Bg5 Nxc3 10. bxc3 f6 11. Qb3+ Kh8 12. Be3 e4 13. Nd2 f5 14. f3 exf3 15. Nxf3 Na5 16. Qb4 {0-1 (48) Yu,Y (2744)-Jobava,B (2687) Tbilisi 2017}) (8... Nb6 9. e3 Re8 10. d5 Na5 11. Nd4 Bd7 12. e4 c6 13. Re1 Rc8 14. Rb1 cxd5 15. exd5 Nbc4 16. b3 Nd6 17. Nce2 b5 18. Be3 Nf5 19. Nxf5 Bxf5 20. Rc1 {1-0 (41) Grischuk,A (2728)-Svidler,P (2738) Moscow 2008}) 9. Ng5 Nxc3 10. bxc3 e5 {[%cal Re5d4] White has an edge.} 11. Qb3 $146 ({Predecessor:} 11. d5 Na5 12. e4 Bd7 13. Qe2 Qe7 {½-½ (13) Paunovic,D (2423)-Popovic,P (2451) Kragujevac 2015}) 11... Rb8 12. dxe5 (12. Bd5 $1 $14 Qe7 13. e4) 12... Nxe5 $11 13. Ne4 h6 14. Rd1 Qc8 $1 15. Bf4 Re8 16. Nc5 {[%cal Rg2b7]} b6 17. Nd3 Nxd3 18. exd3 Bh3 19. d4 Bxg2 20. Kxg2 g5 21. Be3 Qf5 22. a4 c6 23. Ra2 h5 {[%cal Bh6h5,Bh5h4,Bh4h3][%mdl 32]} 24. Rad2 (24. h3 $11) 24... h4 $17 {Hoping for ...h3+.} 25. Qc4 h3+ 26. Kg1 Re6 ({Black should try} 26... b5 $17 27. axb5 cxb5) 27. d5 $11 Re4 28. Qe2 (28. Qf1 $1 $11) 28... c5 $15 ({But not} 28... Bxc3 29. Rd3 $11) 29. d6 ({Better is} 29. c4 $15) 29... Bxc3 $17 30. Rd5 Re5 31. Rxe5 Bxe5 32. g4 Qe4 {[%csl Gh3][%cal Re4g2]} 33. f3 Qxa4 $40 {[%mdl 128] White is in trouble.} 34. Bxg5 Bd4+ (34... f6 $19 35. Bh4 Re8) 35. Kf1 f6 36. Bf4 $2 (36. d7 $17 Qc6 37. Be3) 36... Re8 $19 37. Qd3 {[#]} Kg7 $1 38. Re1 {[#]} Qa2 $1 {[%csl Gh3][%cal Ra2g2][%mdl 512]} 39. Bd2 Rxe1+ 40. Kxe1 Qe6+ 41. Kd1 Qxd6 42. Qe4 Qd7 43. Kc1 $2 (43. Qf4) 43... a5 44. Qf4 Qe6 45. Qh6+ Kf7 46. Qxh3 a4 {...Qc4+ is the strong threat.} 47. Qh7+ Ke8 {aiming for ...Qc4+.} 48. Qd3 Qb3 $2 (48... Kd7 $19 {Threatens to win with ...Qb3.} 49. Qa6 Qc6) 49. Qe4+ $1 $11 {The position is equal.} Kd8 50. Qa8+ Kd7 51. Qb7+ Kd6 52. Qb8+ Kc6 53. Qa8+ Kd6 (53... Kb5 $5 54. Qe8+ $8 Ka6 55. Qa8+ Kb5 56. Qe8+ Ka6 57. Qc8+ Ka7 58. Qc7+ Ka8 59. Qc8+ Ka7 60. Qc7+ Ka6 61. Qc8+ Ka7 $11) 54. Qd8+ Kc6 {( -> ...Bb2+)} 55. Qc8+ {Precision: White = 53%, Black = 74%.} 1/2-1/2

[Event "11th Tal Memorial Rapid 2018"]
[Site "Moscow"]
[Date "2018.03.04"]
[Round "7"]
[White "Dubov, Daniil"]
[Black "Nepomniachtchi, Ian"]
[Result "1/2-1/2"]
[WhiteElo "2701"]
[BlackElo "2751"]
[Annotator "TA"]
[PlyCount "211"]
[EventDate "2018.??.??"]
[EventType "rapid"]
[EventCountry "RUS"]
[SourceTitle "playchess.com"]
[Source "ChessBase"]
[SourceQuality "1"]

{[%evp 13,211,41,32,0,14,14,5,-23,-12,-6,-18,-30,-12,-57,-47,-107,-85,-151,-131,-176,-135,-123,-137,-195,-214,-233,-72,-79,-66,-77,-70,-81,-71,-78,-64,-68,-70,-74,-70,-70,-70,-70,-70,-77,-70,-78,-70,-70,-79,-70,-70,-72,0,-73,-72,-78,-70,-104,-104,-134,-153,-139,-133,-105,-119,-628,-632,-618,-604,-586,-582,-555,-524,-1043,-760,-1062,-1030,-827,-969,-898,-865,-674,-496,-552,-540,-451,-154,-154,-154,-154,-154,-154,-154,-154,-154,-154,-154,-534,-500,-524,-525,-544,-502,-254,-253,-1784,-1754,-1738,-1747,-1609,-1515,-29979,-29975,-29975,0,-29967,-29968,-29967,-29970,-29968,-29969,-29969,-29969,-29971,-29970,-29974,-29969,-29977,0,0,0,-29979,-29980,-29981,-29982,-29983,-29982,-29983,0,-29982,-29949,-7139,-12574,-12796,-8564,-29980,-1468,-6372,-6071,-1433,0,-4649,-2671,-1273,0,-494,-182,-150,-99,-339,0,-342,-342,-328,0,-334,-327,-327,-310,-29981,-29955,-29958,-29957,-29952,-29957,-29974,-8406,-29967,0,0,0,0,0,0,0,0,0,0,0,0,0,0,0,0,0,0,0,0,0,0]} 1. d4 d5 2. Nf3 Bf5 3. c4 e6 4. Nc3 Nf6 5. Nh4 (5. Bf4 Bd6 6. Bxd6 Qxd6 7. e3 O-O 8. Rc1 c6 9. Qb3 Nbd7 10. Be2 Rab8 11. O-O Bg4 12. h3 Bh5 13. Nd2 {0-1 (79) Andreikin,D (2712)-Artemiev,V (2691) Huaian 2017}) 5... Bg6 6. g3 {D06: Queen's Gambit: Symmetrical and Baltic Defences} c6 7. Nxg6 hxg6 {LiveBook: 19 Games} 8. Bg2 {White is slightly better.} dxc4 9. O-O Nbd7 10. b3 $146 ({Predecessor:} 10. e4 Qa5 11. h3 e5 12. d5 cxd5 13. exd5 {1-0 (42) Denayer,E (2245)-Fiebig,T (2453) Belgium 2010}) 10... Qa5 11. Bd2 Bb4 12. Rc1 Nb6 13. h4 O-O-O $36 {[%mdl 2048] Black has good play.} 14. a3 (14. e3 $15) 14... Qxa3 15. e3 (15. Nb1 $142 Qa5 16. Bxb4 Qxb4 17. bxc4) 15... Qxb3 $17 (15... cxb3 16. Ra1 $11) 16. Qe2 Bxc3 17. Rxc3 Qb5 18. Qd1 (18. Rc2 $17) 18... g5 $1 $19 {[%cal Rg5h4]} 19. Qa1 gxh4 $2 (19... Nfd5 $19 {and Black stays clearly on top.} 20. Rb1 Nxc3 21. Rxb5 Nxb5 22. hxg5 e5 $1 {[%mdl 512]}) 20. Rb1 $17 Qf5 21. e4 $1 {[%cal Re4f5]} Nxe4 22. Rf3 Qxf3 $1 23. Bxf3 Nxd2 24. Qxa7 Nxb1 25. Qxb6 Rd6 ({Much weaker is} 25... Nd2 26. Bxc6 $1 {[%mdl 512]} bxc6 27. Qxc6+ Kb8 28. Qb6+ Ka8 29. Qa6+ Kb8 30. Qb6+ Ka8 31. Qa6+ Kb8 32. Qb6+ $11) 26. Qxb1 hxg3 27. fxg3 Rhd8 28. Qb6 R8d7 ({Don't play} 28... Rxd4 29. Bxc6 $1 {[%mdl 512]} Rd1+ 30. Kh2 $11) 29. Qc5 Rxd4 30. Be2 $1 R7d5 31. Qf8+ Kc7 $1 32. Qxf7+ Rd7 $1 {[%cal Rd7f7]} 33. Qxe6 (33. Qf8 $1 $11 {remains equal.}) 33... b5 34. Qe3 Kb7 35. Qa3 Rd2 36. Kf2 Rc2 $1 {And now ...Rdd2 would win.} 37. Ke3 Rdd2 38. Qe7+ Kb6 39. Bh5 $2 {[%mdl 8192] [#]} (39. Bf1 $17) 39... g6 $1 $19 {[%mdl 512]} 40. Bg4 (40. Bxg6 Re2+) 40... Rd3+ 41. Kf4 Rf2+ 42. Kg5 c3 {[%cal Bc4c3,Bc3c2][%mdl 32]} 43. Bd7 {intending Qd8+.} c2 ({Not} 43... Rxg3+ 44. Kh6 $17) 44. Qd8+ Kc5 45. Qe7+ Rd6 46. Qe3+ Kb4 47. Qe1+ Rfd2 48. Bxc6 Kb3 49. Be4 {If only White now had time for Qe3+....} Kb2 $2 (49... b4 $19 {is more deadly.} 50. Qf1 R2d4 51. Bxc2+ Kxc2 52. Qf2+ Kc3 53. Qe1+ Kb2) 50. Bxc2 $17 {Hoping for Qb1+.} Kxc2 {[%mdl 4096] Endgame KQ-KRR} 51. Qe4+ Kc3 52. Qe3+ Kc4 {...b4 is the strong threat.} 53. Qe4+ Kc5 {Strongly threatening ...b4.} 54. Qe3+ R2d4 55. Qc3+ $2 (55. g4 $17 {is more resistant.}) 55... Kb6 $19 56. Qc8 b4 57. g4 Kb5 58. Qe8+ Kc4 59. Qe2+ $2 (59. Qa4) 59... Kb3 60. Qf3+ Kb2 61. Kh6 b3 62. g5 Rd2 63. Qe4 R2d4 $2 (63... Ra6 64. Qc4 Rdd6 65. Kh7 Ka2 66. Qf7 Re6 67. Kh6 b2 68. Qf2 Ka1 69. Qd4 Rec6 70. Qe5 Ra3 71. Qe4 Rc1 72. Qb4 Rh3+ 73. Kxg6 b1=Q+ 74. Qxb1+ Kxb1 75. Kf5 Rc5+ 76. Kg4 Rb3 77. Kh5 Rg3 78. Kg6 Rgxg5+ 79. Kf6 Rce5 80. Kf7 Rgf5+ 81. Kg6 Rf3 82. Kh7 Rg5 83. Kh6 Rg1 84. Kh7 Rh3#) 64. Qe5 $2 {[%mdl 8192]} (64. Qf3 $11 R4d5 65. Qf1) 64... Kb1 65. Qe1+ Rd1 66. Qe4+ Ka2 67. Qa4+ Kb2 68. Qe4 R1d5 69. Qe3 Ka3 70. Qc3 Ka4 71. Qc4+ $1 Ka3 72. Qc3 Ka2 73. Qc4 Rd4 74. Qf7 Rh4+ 75. Kg7 Rhd4 76. Kh6 R6d5 77. Qa7+ Kb1 78. Kxg6 b2 79. Kh6 Kc2 (79... Rh4+ $142 80. Kg6 Rg4 81. Kf6 Rgxg5 82. Qc7 Rdf5+ 83. Ke6 Rc5 84. Qf4 Ra5 85. Qd4 Ra6+ 86. Kf7 Ka1 87. Ke7 Rh5 88. Kd8 Rh7 89. Qd5 b1=Q 90. Qd4+ Qb2 91. Qd1+ Ka2 92. Qd5+ Qb3 93. Qd2+ Ka3 94. Qc1+ Kb4 95. Qe1+ Kc4 96. Qe4+ Kc5 97. Qf5+ Qd5+ 98. Qxd5+ Kxd5 99. Ke8 Ra8#) 80. Qc7+ Kd2 81. Qb7 Kc2 $2 (81... Kc3 $19 82. Qc6+ Kd2) 82. Qc6+ $2 {[%mdl 8192]} (82. Qc7+ $11 Kb1 83. Qh7+ Rd3 84. Qe4 Rd6+ 85. g6) 82... Kd1 83. Qb7 {[#]} Rh4+ $2 (83... Rd6+ $1 $19 84. g6 Kc1 85. Qc8+ Kb1) 84. Kg6 $2 {[%mdl 8192]} (84. Kg7 $1 $11 Rd2 85. Qb3+ Ke1 86. g6) 84... Rd2 $2 (84... Rd6+ 85. Kg7 Rh2) 85. Qb3+ Ke2 (85... Ke1 $142 86. Kg7 Rg4 87. Qe6+ Kf1 88. Qf5+ Rf2 89. Qb5+ Ke1) 86. Qb5+ $2 (86. Kg7 $17) 86... Ke3 $2 ({Black should play} 86... Ke1 $19 {aiming for ...Rc4!} 87. Kg7 Rd7+ 88. Kg6 Rh2) 87. Qb3+ $2 {[%mdl 8192]} (87. Kg7 $11 {and White has nothing to worry.}) 87... Kf2 88. Qb6+ Ke2 89. Qb5+ $1 {[#]} Ke1 $1 90. Qb3 {[#]} Rc4 $1 {[%mdl 512] Threatens to win with ...Rc6+.} 91. Kh7 $2 (91. Kg7 $19) (91. Qxc4 b1=Q+) 91... Rc3 92. Qxc3 b1=Q+ 93. g6 Qf5 94. Qg3+ Ke2 (94... Kf1 $142 95. Kh6 Rd3 96. Qc7 Qh3+ 97. Kg7 Rd7+ 98. Qxd7 Qxd7+ 99. Kg8 Kf2 100. g7 Kf3 101. Kf8 Qf5+ 102. Ke7 Qg6 103. Kd7 Qxg7+ 104. Kc6 Ke4 105. Kc5 Qc7+ 106. Kb4 Kd3 107. Kb5 Kc3 108. Ka6 Qb8 109. Ka5 Qb7 110. Ka4 Qb4#) 95. Kh6 Rd3 $2 (95... Kf1 {mates} 96. g7 Qe6+ 97. Kh7 Qe4+ 98. Kh6 Qh1+ 99. Kg6 Rg2 100. Qxg2+ Qxg2+ 101. Kf7 Qd5+ 102. Kf8 Qf5+ 103. Ke8 Qg6+ 104. Kf8 Qf6+ 105. Kg8 Kg2 106. Kh8 Qh6+ 107. Kg8 Qh5 108. Kf8 Qf5+ 109. Kg8 Kf3 110. Kh8 Qh3+ 111. Kg8 Qf5 112. Kh8 Qh5+ 113. Kg8 Ke4 114. Kf8 Qf5+ 115. Ke7 Qg6 116. g8=Q Qxg8 117. Kd6 Qd5+ 118. Kc7 Ke5 119. Kb6 Kd6 120. Ka7 Kc7 121. Ka6 Qh5 122. Ka7 Qa5#) 96. Qh2+ $11 {The position is equal.} Ke1 97. Qg1+ Ke2 98. Qh2+ Kf1 99. Qh1+ Kf2 100. Qh2+ Kf3 {White must now prevent ...Qf8+.} 101. g7 $1 Qe6+ 102. Kh7 Rd7 103. Qh1+ Kf2 {( -> ...Qf5+)} 104. Qh4+ Kf3 105. Qh5+ Kg2 106. Qg6+ {Precision: White = 30%, Black = 64%.} 1/2-1/2

[Event "11th Tal Memorial Rapid 2018"]
[Site "Moscow"]
[Date "2018.03.04"]
[Round "7"]
[White "Gelfand, Boris"]
[Black "Mamedyarov, Shakhriyar"]
[Result "1/2-1/2"]
[WhiteElo "2695"]
[BlackElo "2809"]
[Annotator "TA"]
[PlyCount "33"]
[EventDate "2018.??.??"]
[EventType "rapid"]
[EventCountry "RUS"]
[SourceTitle "playchess.com"]
[Source "ChessBase"]
[SourceQuality "1"]

{[%evp 20,33,25,28,38,25,29,30,45,8,39,0,34,0,28,0]} 1. Nf3 c5 2. c4 Nc6 3. d4 cxd4 4. Nxd4 Nf6 5. Nc3 e6 6. g3 Bc5 7. Nb3 Be7 8. Bg2 O-O 9. Bf4 b6 10. O-O Ba6 11. Nb5 Rc8 {A33: Symmetrical English: 2 Nf3 Nf6 3 d4 cxd4 4 Nxd4 e6 5 Nc3 Nc6} (11... d5 12. Nc7 Bxc4 13. Nxa8 Qxa8 14. Rc1 Bb5 15. Re1 Qb7 16. Nd4 Nxd4 17. Qxd4 Bc5 18. Qd2 Qe7 19. a3 {1-0 (51) Bluebaum,M (2588)-Jumabayev,R (2606) Berlin 2015}) 12. Nd6 Rc7 13. Rc1 Nh5 14. Be3 Nf6 $146 ({Predecessor:} 14... Qb8 15. Bf3 Nf6 16. Bf4 e5 17. Be3 Bxd6 18. Qxd6 Re8 19. Rfd1 {1-0 (45) Ulko,J (2469)-Dvalishvili,P (2490) Moscow 2009}) 15. Bf4 Nh5 16. Be3 Nf6 17. Bf4 1/2-1/2

[Event "11th Tal Memorial Rapid 2018"]
[Site "Moscow"]
[Date "2018.03.04"]
[Round "8"]
[White "Mamedyarov, Shakhriyar"]
[Black "Dubov, Daniil"]
[Result "0-1"]
[WhiteElo "2809"]
[BlackElo "2701"]
[Annotator "TA"]
[PlyCount "102"]
[EventDate "2018.??.??"]
[EventType "rapid"]
[EventCountry "RUS"]
[SourceTitle "playchess.com"]
[Source "ChessBase"]
[SourceQuality "1"]

{[%evp 14,102,20,-4,22,27,47,13,79,83,111,54,59,67,66,59,61,45,62,55,100,78,80,104,73,50,45,38,45,50,79,87,80,61,78,82,86,82,83,68,81,12,15,11,8,0,0,-44,0,-283,-287,-283,-275,-237,-101,-126,-108,-102,-130,-110,-114,-127,-126,-163,-162,-155,-148,-163,-134,-143,-22,-22,-22,-22,-19,-15,0,-22,-22,-29,-29,-22,-22,-22,-22,-25,-22,-274,-265,-605,-601]} 1. d4 Nf6 2. c4 c5 3. e3 g6 4. Nc3 Bg7 5. d5 O-O 6. Nf3 d6 7. Be2 e6 8. e4 {LiveBook: 133 Games. E61: King's Indian: Early deviations for White, including Smyslov System} (8. O-O Re8 9. e4 exd5 10. exd5 Bf5 11. Bd3 Ne4 12. Nxe4 Bxe4 13. Bxe4 Rxe4 14. Qd3 Re8 15. Bf4 Na6 {½-½ (56) Nakamura,H (2785)-Mamedyarov,S (2800) Paris 2017}) 8... Na6 9. O-O Nc7 10. Re1 $146 {White is slightly better.} ({Predecessor:} 10. h3 exd5 11. exd5 Bf5 12. g4 Bc8 13. Kg2 a6 14. a4 Rb8 15. Bf4 {1-0 (42) Lorparizangeneh,S (2485)-Asgari,M (2177) Hamedan 2017}) 10... Re8 (10... exd5 $11 11. cxd5 (11. exd5 Re8 $14) 11... Re8) 11. e5 $16 dxe5 {[%cal Re6d5]} 12. d6 Na6 $1 13. Nxe5 Nd7 14. Nxd7 Bxd7 15. Bf3 Qb6 16. Re2 h6 17. Bf4 Rad8 18. Qd2 Kh7 19. Be5 f6 20. Bg3 e5 21. Rd1 Nb8 22. Bd5 Be6 23. f4 Qxd6 24. fxe5 ({Of course not} 24. Bxb7 Qb6 $15) 24... fxe5 25. Bh4 $1 {[%cal Rh4d8]} ({Much worse is} 25. Bxb7 $6 Qe7 $11) 25... Rd7 26. Ne4 {[%mdl 1024] White has strong compensation.} Qb6 27. Rf1 (27. Rf2 $1 $16) 27... Bf5 28. Qd3 Rf8 $1 29. Ref2 Na6 {[%cal Bb8a6,Ba6b4,Bb4d5,Bd5f4][%mdl 32] Strongly threatening ...Nb4.} 30. g4 Nb4 31. Qg3 $2 {[%mdl 8192]} (31. Qh3 $1 $11 {and White stays safe.} Nxd5 32. gxf5) 31... Nxd5 $19 32. gxf5 Nf4 33. fxg6+ Qxg6 (33... Kg8 $19 34. Qg4 Rd4) 34. Qxg6+ $17 Kxg6 35. Kh1 b6 36. b3 Rd4 37. Nc3 Rd3 38. Ne4 {[#]} Kf5 $1 {[%cal Rf5e4]} 39. Re1 {[#]} Rf7 $1 40. Bg3 Rfd7 41. Rff1 R7d4 (41... h5 $17 42. Bf2 Rf3 43. Ng3+ Kg4) 42. Bxf4 $1 $11 exf4 43. Ng3+ $1 Kg5 (43... Kg4 $5 44. Ne2 $8 Re4 45. Rg1+ Kf5 46. Rxg7 Kf6 $15) 44. Ne4+ $1 Kf5 45. Ng3+ $1 Kg4 46. Ne2 Re4 $36 {[%mdl 2048] White must now prevent ...Bd4. Black has some pressure.} 47. Rg1+ Kh4 48. Nxf4 $1 Rxf4 49. Rxg7 Rf2 {aiming for ...Kh3.} 50. Kg1 $2 {[%mdl 8192]} (50. Rxa7 $11 {and White is okay.} Kh3 51. Rh7) 50... Rxa2 $19 51. Rf1 $2 (51. Rf7) 51... Rxb3 {Precision: White = 60%, Black = 59%.} 0-1

[Event "11th Tal Memorial Rapid 2018"]
[Site "Moscow"]
[Date "2018.03.04"]
[Round "8"]
[White "Kramnik, Vladimir"]
[Black "Nepomniachtchi, Ian"]
[Result "1/2-1/2"]
[WhiteElo "2800"]
[BlackElo "2751"]
[Annotator "TA"]
[PlyCount "111"]
[EventDate "2018.??.??"]
[EventType "rapid"]
[EventCountry "RUS"]
[SourceTitle "playchess.com"]
[Source "ChessBase"]
[SourceQuality "1"]

{[%evp 18,111,25,16,23,12,8,0,10,0,0,0,0,0,0,0,0,0,0,0,0,-5,0,0,0,0,13,8,13,13,13,0,31,24,23,22,22,22,30,21,33,13,13,14,15,13,16,14,44,40,44,8,10,16,35,0,6,0,0,0,0,0,0,0,0,0,0,0,0,0,0,0,0,0,0,0,0,0,0,0,0,0,0,0,0,0,0,-9,0,0,-2,-2,-2,-9,0,-9]} 1. d4 d5 2. Nf3 Bf5 3. c4 e6 4. Nc3 Nf6 5. Bg5 c6 6. e3 Nbd7 7. Bd3 Bxd3 8. Qxd3 Be7 9. O-O O-O 10. Rfd1 {LiveBook: 6 Games. D06: Queen's Gambit: Symmetrical and Baltic Defences} Rc8 11. Rac1 $146 ({Predecessor:} 11. Rab1 a6 12. h3 Nh5 13. Bxe7 Qxe7 14. e4 dxe4 15. Qxe4 Nhf6 16. Qe2 Rfe8 17. b4 b5 {1-0 (43) Ehlvest,J (2610)-Shishkov,A (2270) Tallinn 1998}) 11... h6 12. Bxf6 Nxf6 13. c5 Qc7 14. b4 Nd7 15. Ne2 b6 16. Qa6 Nb8 17. Qa4 Nd7 18. Qa6 Nb8 19. Qd3 Nd7 20. Qc3 a5 21. a3 $1 axb4 22. axb4 Ra8 23. Nf4 Ra4 24. Nd3 bxc5 25. bxc5 Rfa8 26. Ra1 Bf6 27. g3 g6 28. Kg2 Kg7 29. Rxa4 Rxa4 30. Ra1 Qa7 31. Rxa4 Qxa4 32. Qb2 Qc4 33. Qa3 Qb5 34. h4 g5 35. hxg5 hxg5 36. Qc3 Nf8 {The position is equal.} 37. Nd2 Ng6 38. Qb3 {Black should prevent Qxb5.} Qa5 39. Nf3 Qa6 40. Nfe1 e5 41. dxe5 Nxe5 42. Nxe5 Bxe5 43. Qc2 Bf6 44. Qf5 Qc4 45. Nd3 Qe4+ 46. Qxe4 dxe4 $11 {[%mdl 4096] Endgame KB-KN} 47. Nb4 Be7 48. Nxc6 Bxc5 49. g4 Kf6 50. f3 Bxe3 51. fxe4 Ke6 52. Kf3 Bc5 53. Na5 Ke5 54. Nc4+ Kd4 55. Ne3 Ke5 {[#] Threatens to win with ...Bxe3.} 56. Nf5 {Precision: White = 60%, Black = 76%.} 1/2-1/2

[Event "11th Tal Memorial Rapid 2018"]
[Site "Moscow"]
[Date "2018.03.04"]
[Round "8"]
[White "Nakamura, Hikaru"]
[Black "Karjakin, Sergey"]
[Result "1/2-1/2"]
[WhiteElo "2787"]
[BlackElo "2763"]
[Annotator "TA"]
[PlyCount "107"]
[EventDate "2018.??.??"]
[EventType "rapid"]
[EventCountry "RUS"]
[SourceTitle "playchess.com"]
[Source "ChessBase"]
[SourceQuality "1"]

{[%evp 11,107,-28,-22,-32,-16,-37,-34,-43,-8,-16,-10,-8,-9,-9,0,-7,0,-3,0,0,0,0,4,8,0,0,10,0,1,-26,-25,-55,-28,-40,0,-54,0,-31,0,-7,-15,-21,-9,-9,0,-12,0,-15,-14,-35,-10,-57,-48,-61,-44,-231,-69,-160,-134,-196,-77,-192,-177,-189,-99,-107,-110,-254,-159,-271,-260,-212,-121,-93,-105,-114,-137,-513,-502,-481,0,0,0,0,0,0,0,0,0,0,0,0,0,0,0,0,0,0]} 1. Nf3 Nf6 2. g3 c5 3. Bg2 Nc6 4. d4 cxd4 5. Nxd4 e5 (5... h5 6. h3 e5 7. Nxc6 dxc6 8. Qxd8+ Kxd8 9. Bg5 Be7 10. Nd2 Be6 11. Nf3 Nd7 12. Bxe7+ Kxe7 13. Ng5 {0-1 (65) Gupta,A (2610)-Kovalenko,I (2635) chess.com INT 2018}) 6. Nxc6 {A04: Unusual lines after 1 Nf3 and King's Indian Attack} dxc6 {LiveBook: 11 Games} 7. Nd2 Be7 $146 ({Predecessor:} 7... Bc5 8. O-O Be6 9. c4 Qb6 10. Qc2 O-O 11. Nb3 Be7 12. Bd2 Qc7 13. Be3 {0-1 (29) Frank,P (2154)-Kainz,J (2007) Feffernitz 2005}) 8. b3 Be6 9. Bb2 Nd7 (9... Qa5 {feels hotter.} 10. c3 h5 11. h4 O-O-O 12. Qc2 Rd7) 10. O-O O-O 11. e3 Qc7 12. Qe2 a5 13. a4 Rad8 14. Rad1 b5 15. Ra1 f6 16. Rfd1 Rb8 17. Bc3 b4 18. Bb2 Nb6 19. Rac1 Rfd8 20. e4 Bc5 21. Nf3 Bf8 22. Nd2 Bc5 23. Nf3 Bf8 24. Nd2 Bc5 25. Bf3 Rd6 26. Nf1 Rbd8 27. Rxd6 Qxd6 28. Bg4 Bf7 29. Ne3 g6 30. Rd1 Bd4 31. Bh3 c5 32. Qb5 Ra8 33. Bc1 $2 {[#]} (33. Bxd4 $15 cxd4 34. Rd2) 33... h5 $2 (33... c4 $1 $19 {[%mdl 512]} 34. Rxd4 (34. bxc4 Be8) 34... exd4) 34. Bf1 (34. Bg2 $1 $15) 34... Kg7 $1 $17 35. Qe2 {[#]} (35. Re1 $17 {might work better.}) 35... Qc6 (35... c4 $1 $19 {[%mdl 512]} 36. Qxh5 (36. bxc4 Nxa4) 36... gxh5 37. Nf5+ Kg6 38. Nxd6 cxb3 39. cxb3 Bxb3) 36. g4 {[#]} (36. Bg2 $17) 36... Rh8 $1 $19 37. Qf3 hxg4 (37... c4 $19 38. gxh5 Rxh5) 38. Qxg4 $17 {Threatening Nf5+.} Be6 39. Qg3 (39. Nf5+ $17 Kf7 40. Qxg6+ Kxg6 41. Ne7+ Kf7 42. Nxc6) 39... Kf7 40. Bg2 (40. Bb5 $17 Qc8 41. Kh1) 40... c4 $19 41. bxc4 {intending Nf5.} Nxc4 ({Better is} 41... Nxa4 $19 42. Qf3 Nc3) 42. Nf5 $17 Qxa4 43. Nxd4 exd4 44. Bf1 $2 {[%mdl 8192]} (44. Qc7+ $17 {is more resistant.} Qd7 45. Qxd7+ Bxd7 46. f4) 44... Ne5 $19 45. Bf4 Bg4 $2 {[#]} (45... Qxc2 $19 46. Rxd4 Nc6) 46. Bxe5 $1 $11 {[%mdl 512] The position is equal.} Bxd1 (46... fxe5 47. Qxe5) 47. Bc4+ Kg7 {[#]} 48. Bxf6+ $1 {[%mdl 512]} Kxf6 49. Qd6+ Kg7 {Hoping for ...Qe8.} 50. Qe7+ Kh6 51. Qh4+ Bh5 52. Qf4+ Kh7 53. Qf7+ Kh6 54. Qf4+ {Precision: White = 42%, Black = 52%.} 1/2-1/2

[Event "11th Tal Memorial Rapid 2018"]
[Site "Moscow"]
[Date "2018.03.04"]
[Round "8"]
[White "Anand, Viswanathan"]
[Black "Grischuk, Alexander"]
[Result "1-0"]
[WhiteElo "2776"]
[BlackElo "2767"]
[Annotator "TA"]
[PlyCount "59"]
[EventDate "2018.??.??"]
[EventType "rapid"]
[EventCountry "RUS"]
[SourceTitle "playchess.com"]
[Source "ChessBase"]
[SourceQuality "1"]

{[%evp 23,58,-10,0,-17,0,0,0,-23,0,0,0,0,0,0,0,0,0,0,2,12,17,25,0,0,0,0,0,-30,-43,-92,439,474,1641,1616,1521,1525,29999]} 1. e4 c5 2. Nf3 Nc6 3. Bb5 g6 4. Bxc6 dxc6 5. d3 Bg7 6. h3 Nf6 7. Nc3 O-O 8. Be3 b6 9. Qd2 e5 10. Bh6 {B31: Sicilian: 2...Nc6 3 Bb5 g6} (10. a3 Qe7 11. O-O Rd8 12. Bg5 Ba6 13. Qe3 Rd7 14. Rfd1 Re8 15. a4 Qf8 16. a5 b5 17. g4 h6 {1-0 (54) Caruana,F (2811)-Cornette,M (2611) chess.com INT 2018}) 10... Qd6 11. O-O-O a5 12. g4 a4 {LiveBook: 9 Games} 13. Kb1 Be6 14. Ne2 b5 15. Ng3 Rfd8 $146 ({Predecessor:} 15... Ne8 16. Rdg1 c4 17. Bxg7 Nxg7 {0-1 (39) Kraus,O (2024)-Molina Rodriguez,B (2140) Santa Cruz de Tenerife 2014}) 16. Bxg7 Kxg7 17. Qg5 Nd7 18. Nf5+ Bxf5 $1 19. gxf5 a3 {Strongly threatening ...axb2.} 20. b3 $1 h6 $132 {[%mdl 2048] Black is not keeping still} 21. Qg3 Kh7 22. Rhg1 {[%cal Bh1g1,Bg1g5,Bg5f5,Bf5f7][%mdl 32]} Qf6 23. h4 gxf5 24. Qh3 f4 25. Rg5 {Hoping for Rdg1.} Qe6 26. Rf5 Rg8 $2 {[%mdl 8192] [#]} (26... Kh8 $17 {stays on course.}) 27. Ng5+ $1 $18 {[%mdl 512]} hxg5 {[#]} (27... Rxg5 $142 28. hxg5 Qg6) 28. Rxf7+ $1 {[%mdl 512]} Qxf7 29. hxg5+ Kg7 30. Qh6# {Precision: White = 61%, Black = 54%.} 1-0